Stable Countries -- outside of Europe. - Statistics

General Stats
  • This quiz has been taken 242 times
    44 since last reset
  • The average score is 15 of 19
Answer Stats
Continent/Rank/Score Answer % Correct
Oceania #169 (19.6) Australia
100%
North America #172 (18.6) Canada
100%
Oceania #175 (15.9) New Zealand
100%
Asia #160 (30.2) Japan
97%
North America #141 (44.5) United States
95%
Asia #161 (29.8) South Korea
89%
South America #142 (44.2) Argentina
86%
Asia #165 (25.4) Singapore
86%
South America #157 (33.7) Uruguay
86%
South America #146 (41.1) Chile
81%
North America #150 (39.4) Costa Rica
76%
North America #135(48.0) Bahamas
68%
North America #136 (47.7) Panama
68%
Asia #149 (39.8) Qatar
65%
Asia #134 (49.3) Kuwait
62%
Asia #156 (34.7) United Arab Emirates
62%
Africa #151 (37.8) Mauritius
54%
North America #140 (44.7) Barbados
49%
Asia #140 (47.4) Oman
41%
No matching quizzes found
Score Distribution
Percent of People with Each Score
Percentile by Number Answered
Your Score History
You have not taken this quiz since the last reset